Names of Large Numbers - Statistics

General Stats
  • This quiz has been taken 388 times
  • The average score is 13 of 26
Answer Stats
Hint Answer % Correct
101 ten
88%
102 hundred
80%
103 thousand
80%
109 (US) / 1012 (Europe) billion
78%
106 million
77%
1012 (US) / 1018 (Europe) trillion
77%
21 (e.g. socks) pair
73%
10100 googol
70%
121 dozen
68%
1015 (US) / 1024 (Europe) quadrillion
67%
1024 (US) / 1042 (Europe) septillion
60%
1027 (US) / 1048 (Europe) octillion
58%
1018 (US) / 1032 (Europe) quintillion
58%
10^10100 googolplex
55%
1021 (US) / 1036 (Europe) sextillion
55%
1030 (US) / 1054 (Europe) nonillion
51%
1033 (US) / 1060 (Europe) decillion
50%
201 score
40%
122 gross
33%
109 (Europe) milliard
28%
10303 (US) / 10600 (Europe) centillion
23%
1063 (US) / 10120 (Europe) vigintillion
19%
104 (Greece) myriad
14%
105 (India) lakh
11%
107 (India) crore
8%
21 (e.g. pigeons) brace
5%
No matching quizzes found
Score Distribution
Percent of People with Each Score
Percentile by Number Answered
Your Score History
You have not taken this quiz